000 00491nam a2200169 i 4500
001 85103
003 ES-MaACL
005 20231227062536.0
007 t|
008 041125s1923 sp ||||1| spa d
100 1 _aJiménez, Juan Ramón,
_d1881-1958
_966417
245 1 0 _aPoesía
_b: (en verso) : (1917-1923) /
_cJuan Ramón Jiménez.
260 _aMadrid :
_b[s.n.,
_c1923] (
_fTalleres Poligráficos)
300 _a124 p. ;
_c20 cm.
852 _aES-MaACL
_jF-4613
999 _c85103
_d85103